Memoria acerca del estado del Instituto Provincial de Segunda Enseñanza de Vitoria / (Record no. 156039)

MARC details
000 -LEADER
campo de control de longitud fija 00915nam a22001935i 4500
001 - NÚMERO DE CONTROL
campo de control 156039
003 - IDENTIFICADOR DE NÚMERO DE CONTROL
campo de control ES-MaACL
005 - FECHA Y HORA DE LA ÚLTIMA TRANSACCIÓN
campo de control 20230906210312.0
008 - DATOS DE LONGITUD FIJA--INFORMACIÓN GENERAL
campo de control de longitud fija 000724s1875 sp |||| | spa d
040 ## - FUENTE DE CATALOGACIÓN
Centro catalogador/agencia de origen CCPB | B
Lengua de catalogación spa
Centro/agencia transcriptor CCPB | B
080 ## - NÚMERO DE LA CLASIFICACIÓN DECIMAL UNIVERSAL
Número de la Clasificación Decimal Universal 378.5(460.156 V.)(060.55)
110 2# - ENTRADA PRINCIPAL--NOMBRE DE ENTIDAD CORPORATIVA
Nombre de entidad corporativa o nombre de jurisdicción como elemento de entrada Instituto Provincial de Segunda Enseñanza de Vitoria.
9 (RLIN) 134539
245 10 - MENCIÓN DEL TÍTULO
Título Memoria acerca del estado del Instituto Provincial de Segunda Enseñanza de Vitoria /
Mención de responsabilidad, etc. leída en la apertura del curso académico de 1875 á 76 por Antonio Pombo y Gamarra.
260 ## - PUBLICACIÓN, DISTRIBUCIÓN, ETC.
Lugar de publicación, distribución, etc. Vitoria :
Nombre del editor, distribuidor, etc. [s.n.],
Fecha de publicación, distribución, etc. 1875 (
Fabricante Imprenta de los hijos de Manteli)
300 ## - DESCRIPCIÓN FÍSICA
Extensión 13, [10] p. ;
Dimensiones 23 cm.
610 24 - PUNTO DE ACCESO ADICIONAL DE MATERIA--NOMBRE DE ENTIDAD CORPORATIVA
Nombre de entidad corporativa o nombre de jurisdicción como elemento de entrada Instituto Provincial de Segunda Enseñanza de Vitoria-
Subdivisión general Memorias.
9 (RLIN) 145013
700 1# - ENTRADA AGREGADA--NOMBRE PERSONAL
Nombre de persona Pombo y Martínez de Gamarra, Antonio.
9 (RLIN) 92914
852 ## - LOCALIZACIÓN
Ubicación ES-MaACL
Número de control de estantería T-208-F-13
Nota libre -- Enc. hol.
condición física -- Falto de la cub. original
Nota libre -- Enc. en un vol. facticio
Holdings
Estatus retirado Estado de pérdida Estado de daño No para préstamo Colección Biblioteca de origen Biblioteca actual Ubicación en estantería Fecha de adquisición Total de préstamos Signatura topográfica completa Código de barras Visto por última vez Precio de reemplazo Tipo de ítem Koha
        Colección de folletos Biblioteca del Ateneo de Madrid Biblioteca del Ateneo de Madrid Depósito folletos 17/01/2008   T-208-F-13 1163244 23/02/2023 23/02/2023 Folleto